LEADER 01234nam a2200205 i 4500 001 000000033058 003 CaOOAMICUS 005 20180830125450.0 008 180830s1823 it u000 u ita u 040 $aSeMil$bita 245 10$aOrdo liturgicus tenendus in expositione Sanctissimi Sacramenti aliisque sacris functionibus servata omnimode Romani ritus dispositione et consuetudine sanctae Brixianae Ecclesiae in duas partes distributus .. 260 $aBrixiae :$bEx officina Angeli Valotti,$c1823. 300 $a2 v. ;$c4°. 500 $aFregi xilogr. sul front. - Testo su due colonne. - Legati insieme i 2 vol. 650 4$aBrescia (Diocesi) - Liturgia.$0(OLS)http://semarc/subject/5295 710 2 $aDiocesi di Brescia.$0(OLS)http://semarc/name/1799 774 0 $tPars 1. Quae caeremonialem normam praecipue complectitur.$g1$w()75241 774 0 $tPars 2. Ordinis liturgici.$g2$w()248407 996 $6245$aOrdo liturgicus tenendus in expositione Sanctissimi Sacramenti aliisque sacris functionibus servata omnimode Romani ritus dispositione et consuetudine sanctae Brixianae Ecclesiae in duas partes distributus ..$9(OLS)http://semarc/title/44755 996 $6260$aBrixiae :$bEx officina Angeli Valotti$9(OLS)http://semarc/publisher/39489 LEADER 01124nam a2200253 i 4500 001 000000071454 003 CaOOAMICUS 005 20081126000000.0 008 081126s1953 fr u000 u fre u 013 $a42626 040 $aSeMil$bita 100 1 $aDefever, Joseph,$c.$0(OLS)http://semarc/name/35503 245 13$aLa preuve réelle de Dieu :$bétude critique /$cJ. Defever. 260 $aBruxelles :$bL'Édition Universelle,$c1953. 260 $aParis :$bDesclée de Brouwer,$c1953. 300 $a144 p. ;$c23 cm. 490 0 $aMuseum Lessianum. Section philosophique ;$v37 650 4$aDio - Esistenza - Prove.$0(OLS)http://semarc/subject/3962 830 0$aMuseum Lessianum. Section philosophique ;$v37.$0(OLS)http://semarc/title/9471 850 $aSeMil 852 $aSeMil$W1$xVenegono$y1$m2P IV 164$j37607$B37607$CSeMilBibl$Z2$F37610 $81 996 $6245$aLa preuve réelle de Dieu :$bétude critique$9(OLS)http://semarc/title/114900 996 $6260$aParis :$bDesclée de Brouwer$9(OLS)http://semarc/publisher/30132 996 $6260$aBruxelles :$bL'Édition Universelle$9(OLS)http://semarc/publisher/30133